000 00548nam a2200181Ia 4500
005 20250508150501.0
008 008 250505s9999 xx 000 0 eng d
037 _aTextual
040 _aFEDL
_beng
_cFEDL
041 _aeng
_2eng
084 _a808.4, FOW
_qFEDL
100 _aFowler J H Ed.
245 0 _aEnglish essays: Materials and models for composition from the great essayists
260 _aLondon, UK
_bMacmillan and Co. Limited
_c1940
300 _axxxii,106p.
942 _cTEXL
_h808.4, FOW
999 _c1323856
_d1323856